000 00444nam a2200157Ia 4500
999 _c2821
_d2821
008 200103s9999||||xx |||||||||||||| ||und||
020 _a9788181479686
100 _aFlanagan, G. T. H.
_91263
245 0 _aMarine Boilers /
_cby G.T.H. Flanagan.
250 _a3rd rev ed.
260 _bButterworth - Heinnemann,
_c2005.
_aLondon :
300 _avi, 120p.
440 _a(Marine engineering series)
650 0 _aMarine Steam Boilers
942 _cBK